Faith and well-being in later life (Record no. 62443)
[ view plain ]
| 000 -LEADER | |
|---|---|
| fixed length control field | 02958nam a2200361 a 4500 |
| 082 04 - DEWEY DECIMAL CLASSIFICATION NUMBER | |
| Classification number | 200.84/6 |
| 245 00 - TITLE STATEMENT | |
| Title | Faith and well-being in later life |
| 260 ## - PUBLICATION, DISTRIBUTION, ETC. (IMPRINT) | |
| Place of publication | New York : |
| Name of publisher | Nova Science Publishers, Inc., |
| Year of publication | c2009. |
| 300 ## - PHYSICAL DESCRIPTION | |
| Number of Pages | xvi, 199 p. : |
| Other physical details | ill. |
| 490 1# - SERIES STATEMENT | |
| Series statement | Religion and spirituality series |
| 505 0# - FORMATTED CONTENTS NOTE | |
| Formatted contents note | Introduction : Scientific investigation of the multifaceted faith effects in aging : a theory-based interdisciplinary inquiry / Amy L. Ai and Monika Ardelt -- Effects of religiousness on positive and negative social behavior among nursing home residents / Kenneth J. Branco -- The buffering role of religiousness and spiritual seeking on sense of control among older adults in poor physical health : a gender influence / Paul Wink, Michele Dillon, and Adrienne Prettyman -- Dimensions of religion and spirituality in psychological adjustment in older adults living with congestive heart failure / C.L. Park, Mohamad Brooks, and Jessica Sussman -- The temporal nature of direct faith effect on global functioning and vitality in patients undergoing open-heart surgery / Amy L. Ai and Christopher Peterson -- Differential roles of religious orientation on subjective well-being and death attitudes in old age : mediation of spiritual activities and purpose in life / Monika Ardelt and Cynthia S. Koenig -- Counteracting pathways of prayer coping to the short-term postoperative adjustment in middle-aged and older cardiac patients / Amy L. Ai ...[et al.] -- Untangling the relationships between religiousness, social networks, and the variety and quality of social support among middle-aged and older adults with visual impairment / Mark Brennan and Eun-Kyoung Othelia Lee -- Faith and fitness : religious beliefs, congregational support, and exercise in a nationwide sample of Presbyterians / Christopher G. Ellison ...[et al.]. |
| 650 #0 - SUBJECT ADDED ENTRY--TOPICAL TERM | |
| Topical Term | Older people |
| 700 1# - ADDED ENTRY--PERSONAL NAME | |
| Personal name | Ai, Amy L. |
| Personal name | Ardelt, Monika. |
| 856 40 - ELECTRONIC LOCATION AND ACCESS | |
| Uniform Resource Identifier | http://site.ebrary.com/lib/rucke/Doc?id=10671359 |
No items available.
